Prapancham ente bhavanayil (Malayalam) (Record no. 44659)
[ view plain ]
| 000 -LEADER | |
|---|---|
| fixed length control field | 00280nam a2200109Ia 4500 |
| 082 ## - DEWEY DECIMAL CLASSIFICATION NUMBER | |
| Classification number | 574.2 |
| Item number | HEZ |
| 100 ## - MAIN ENTRY--AUTHOR NAME | |
| Personal name | HEZEKIEL, TC |
| 245 #0 - TITLE STATEMENT | |
| Title | Prapancham ente bhavanayil (Malayalam) |
| 260 ## - PUBLICATION, DISTRIBUTION, ETC. (IMPRINT) | |
| Place of publication | Kochi |
| Name of publisher | Viani prints |
| Year of publication | 2014 |
| 942 ## - ADDED ENTRY ELEMENTS (KOHA) | |
| Koha item type | Books |
| Withdrawn status | Lost status | Damaged status | Not for loan | Home library | Current library | Date acquired | Source of acquisition | Full call number | Accession Number | Koha item type |
|---|---|---|---|---|---|---|---|---|---|---|
| RRII Library | RRII Library | 16/12/2021 | Gift | 574.2 HEZ | G01402 | Books |